LDR 00708naa#a2200169#i#450# 001 EN\\bibl\116589 005 20260430131451.4 011 ## _a1994-4683 100 ## _a20260429b2026####ek#y0engy0150####ca 102 ## _aRU 200 1# _aA study of the influence of radio transmitter operating sequences on distance travel time in sport radio direction finding (using a simulation model) _eJournal article 210 1# _aMoscow _cNational State University of Physical Education, Sports and Health named after P.F. Lesgaft _d2026 215 ## _a6 с. 608 ## _aJournal article _2local 675 ## _aСпортивное ориентирование. 796.56 _z 700 #1 _aAbramov _gAleksey Valer'evich 856 4# _auchzapiski.lesgaft.spb.ru _u